000 00614pam a2200205 a 4500
001 1087820
005 20260428063111.0
008 920601s1993 enkb b 001 0 eng
010 _a 92021715
020 _a0582491754
082 _a325.32 CAI
100 1 _aCain, P. J.,
_d1941-
245 1 0 _aBritish imperialism :
_binnovation and expansion, 1688-1914 /
_cP.J. Cain and A.G. Hopkins.
260 _aNew York :
_bLongman,
_c1993.
300 _axv, 504 p. :
_bmaps ;
_c22 cm.
365 _bRs. 325
651 0 _aGreat Britain
_xColonies
_xHistory.
700 1 _aHopkins, A. G.
_q(Anthony G.)
942 _2ddc
_cBK
999 _c11397
_d11397